[Event "VIE-chT (Women)"]
[Site "Ho Chi Minh City"]
[Date "2019.10.01"]
[Round "8.31"]
[White "Vo, Thuy Tien"]
[Black "Nguyen, Thi Kieu"]
[Result "1-0"]
[WhiteElo "1819"]
[BlackElo "1196"]
[PlyCount "92"]
[EventDate "2019.09.26"]
[EventType "swiss"]
[EventRounds "9"]
[EventCountry "VIE"]
[SourceTitle "EXT 2020"]
[Source "ChessBase"]
[SourceDate "2019.10.17"]
[SourceVersion "1"]
[SourceVersionDate "2019.10.17"]
[SourceQuality "1"]

1. e4 c5 2. Nf3 Nc6 3. Bb5 g6 4. 0-0 Bg7 5. c3 Qb6 6. Bxc6 bxc6 7. Qb3 Nf6 8. d3 0-0 9. Nbd2 d6 10. Qxb6 axb6 11. Nc4 Nd7 12. Bf4 b5 13. Ncd2 Re8 14. Rfe1 e5 15. Be3 Nf6 16. h3 Nh5 17. a4 bxa4 18. Nc4 Bf8 19. d4 exd4 20. cxd4 Rxe4 21. Nb6 Rb8 22. dxc5 dxc5 23. Nxa4 Nf6 24. Nxc5 Bxc5 25. Bxc5 Be6 26. Ng5 Rxe1+ 27. Rxe1 Bd5 28. Bd4 Ne8 29. Ne4 Be6 30. Nc5 Bd5 31. Nd7 Rd8 32. Bc3 Be6 33. Ne5 Rc8 34. Rc1 Bd5 35. Bd4 Nd6 36. Nd7 Ne8 37. b4 Rd8 38. Ne5 Rb8 39. Bc3 Nd6 40. Nd7 Rb7 41. Nf6+ Kf8 42. Nxh7+ Ke8 43. Nf6+ Ke7 44. Nxd5+ cxd5 45. Rb1 Nb5 46. Bd2 Kd7 1-0

[Event "VIE Cup (Women)"]
[Site "Bac Giang"]
[Date "2018.06.02"]
[Round "6"]
[White "Tong, Thai Hoang An"]
[Black "Vo, Thuy Tien"]
[Result "0-1"]
[WhiteElo "1771"]
[BlackElo "1777"]
[PlyCount "132"]
[EventDate "2018.05.30"]
[EventType "swiss"]
[EventRounds "9"]
[EventCountry "VIE"]
[SourceTitle "CBM 184 Extra"]
[Source "ChessBase"]
[SourceDate "2018.06.28"]
[SourceVersion "1"]
[SourceVersionDate "2018.06.28"]
[SourceQuality "1"]

1. e4 e6 2. d4 d5 3. exd5 exd5 4. Nf3 Bd6 5. Bd3 Nf6 6. 0-0 0-0 7. Bg5 h6 8. Bh4 Nc6 9. h3 Nb4 10. Ne5 Nxd3 11. Qxd3 Be7 12. c4 dxc4 13. Nxc4 Be6 14. Nc3 c5 15. Rad1 Qxd4 16. Qxd4 cxd4 17. Rxd4 Rfd8 18. Rxd8+ Rxd8 19. Na5 Rd2 20. Nxb7 Rxb2 21. Rb1 Rxb1+ 22. Nxb1 Bxa2 23. Nc3 Bc4 24. Na4 Bd5 25. Nac5 Bxb7 26. Nxb7 g5 27. Bg3 Bb4 28. Be5 Nd7 29. Bd4 a5 30. Kf1 Nf8 31. Ke2 Ne6 32. Ba1 a4 33. Kd3 Nf4+ 34. Kc4 Be7 35. g3 Nxh3 36. f3 Ng1 37. f4 Ne2 38. fxg5 hxg5 39. g4 Ng3 40. Nc5 a3 41. Nb3 Nf1 42. Kd4 Nh2 43. Ke4 Nxg4 44. Kf5 Ne3+ 45. Ke4 Nc2 46. Be5 Kh7 47. Kd3 Nb4+ 48. Kc4 f5 49. Bc3 Na6 50. Kb5 Nb8 51. Be5 Nd7 52. Bc3 f4 53. Kc4 Kg6 54. Kd5 Nf8 55. Ke4 Kh5 56. Bg7 Kg4 57. Bd4 Ng6 58. Kd3 f3 59. Kd2 Kg3 60. Ke1 g4 61. Kf1 Bd6 62. Kg1 Nf4 63. Bf2+ Kh3 64. Kh1 g3 65. Ba7 f2 66. Nd2 g2# 0-1

[Event "VIE Cup (Women)"]
[Site "Bac Giang"]
[Date "2018.06.02"]
[Round "5"]
[White "Vo, Thuy Tien"]
[Black "Nguyen, Ngoc Hien1111"]
[Result "0-1"]
[WhiteElo "1777"]
[BlackElo "1468"]
[PlyCount "98"]
[EventDate "2018.05.30"]
[EventType "swiss"]
[EventRounds "9"]
[EventCountry "VIE"]
[SourceTitle "CBM 184 Extra"]
[Source "ChessBase"]
[SourceDate "2018.06.28"]
[SourceVersion "1"]
[SourceVersionDate "2018.06.28"]
[SourceQuality "1"]

1. e4 e6 2. d4 d5 3. exd5 exd5 4. Bd3 Nc6 5. c3 Bd6 6. Nf3 Bg4 7. h3 Bh5 8. 0-0 Nge7 9. Be3 Qd7 10. Nbd2 0-0-0 11. Qc2 f5 12. Bg5 h6 13. Bxe7 Nxe7 14. b4 g5 15. a4 Bxf3 16. Nxf3 g4 17. hxg4 fxg4 18. Nh4 Kb8 19. g3 Rdf8 20. b5 h5 21. a5 Rf3 22. Nxf3 gxf3 23. Qd1 Rf8 24. Re1 h4 25. Re3 Qg4 26. Be2 fxe2 27. Qxe2 Qxe2 28. Rxe2 hxg3 29. fxg3 Rg8 30. Rg2 Rxg3 31. Rxg3 Bxg3 32. Rf1 Kc8 33. Rf8+ Kd7 34. Kf1 c6 35. b6 axb6 36. axb6 Bd6 37. Rf7 c5 38. Ke2 cxd4 39. cxd4 Kc6 40. Kd3 Kxb6 41. Rf1 Kb5 42. Rb1+ Bb4 43. Kc2 Kc4 44. Kd1 Nc6 45. Rb2 Nxd4 46. Rh2 Bc3 47. Rh7 b5 48. Rc7+ Kd3 49. Rh7 b4 0-1

[Event "VIE-chT (Women)"]
[Site "Ho Chi Minh City"]
[Date "2017.07.28"]
[Round "7.28"]
[White "Vo, Thuy Tien"]
[Black "Nguyen, Ngan Ha"]
[Result "0-1"]
[WhiteElo "1903"]
[BlackElo "1467"]
[PlyCount "82"]
[EventDate "2017.07.24"]
[EventType "team-swiss"]
[EventRounds "9"]
[EventCountry "VIE"]
[SourceTitle "EXT 2019"]
[Source "ChessBase"]
[SourceDate "2018.10.10"]
[SourceVersion "1"]
[SourceVersionDate "2018.10.10"]
[SourceQuality "1"]

1. d4 Nf6 2. c4 e6 3. Nc3 Bb4 4. a3 Bxc3+ 5. bxc3 0-0 6. Nf3 h6 7. Bf4 d6 8. e3 c5 9. Bd3 Nc6 10. e4 Re8 11. Be3 Ng4 12. d5 Nxe3 13. fxe3 exd5 14. cxd5 Ne5 15. Nxe5 Rxe5 16. 0-0 Qg5 17. Qf3 Qg6 18. Rf2 Bg4 19. Qf4 Bh5 20. Rb2 b6 21. a4 Qg5 22. Qxg5 hxg5 23. Kf2 Bg6 24. Kf3 Rae8 25. Bb5 R8e7 26. c4 Bxe4+ 27. Kf2 Bd3 28. Ra3 Rxe3 29. Rd2 Re2+ 30. Rxe2 Bxe2 31. Re3 Rxe3 32. Kxe3 Bh5 33. Bd7 Kf8 34. g4 Bg6 35. Bf5 Bxf5 36. gxf5 Ke7 37. Kf3 Kf6 38. Kg4 a6 39. h3 a5 40. Kg3 Kxf5 41. Kf3 f6 0-1

[Event "VIE-chT (Women)"]
[Site "Ho Chi Minh City"]
[Date "2017.07.26"]
[Round "4.36"]
[White "Duong, Xuan Ai Duong"]
[Black "Vo, Thuy Tien"]
[Result "1-0"]
[WhiteElo "1220"]
[BlackElo "1903"]
[PlyCount "67"]
[EventDate "2017.07.24"]
[EventType "team-swiss"]
[EventRounds "9"]
[EventCountry "VIE"]
[SourceTitle "EXT 2019"]
[Source "ChessBase"]
[SourceDate "2018.10.10"]
[SourceVersion "1"]
[SourceVersionDate "2018.10.10"]
[SourceQuality "1"]

1. e4 c5 2. Nf3 d6 3. d4 cxd4 4. Nxd4 Nf6 5. Nc3 g6 6. f3 Bg7 7. Be3 0-0 8. Qd2 Nc6 9. Nb3 Bd7 10. h4 Ne5 11. Be2 h5 12. 0-0-0 a6 13. Nd5 Re8 14. Bb6 Qc8 15. Nc7 Rb8 16. Nxe8 Bxe8 17. Ba7 Ra8 18. Be3 b5 19. Kb1 Qc7 20. Bd3 a5 21. Nd4 b4 22. Rc1 Rb8 23. c3 Nxd3 24. Qxd3 Qd7 25. cxb4 Rxb4 26. Nc6 Rb7 27. Nxa5 Rb5 28. Nb3 Qb7 29. Rc2 Nd7 30. Rhc1 Ne5 31. Qe2 Bd7 32. Rc7 Qb8 33. f4 Bg4 34. Qd2 1-0

[Event "VIE-ch U11 Girls"]
[Site "Ho Chi Minh City"]
[Date "2014.07.17"]
[Round "7"]
[White "Tran, Nhat Phuong"]
[Black "Vo, Thuy Tien"]
[Result "1-0"]
[WhiteElo "1717"]
[BlackElo "1708"]
[PlyCount "99"]
[EventDate "2014.07.13"]
[EventType "swiss"]
[EventRounds "9"]
[EventCountry "VIE"]
[SourceTitle "EXT 2016"]
[Source "ChessBase"]
[SourceDate "2015.10.08"]
[SourceVersion "1"]
[SourceVersionDate "2015.10.08"]
[SourceQuality "1"]

1. e4 e5 2. Nf3 Nc6 3. Bc4 Bc5 4. d3 h6 5. 0-0 Nf6 6. h3 a6 7. a4 d6 8. Re1 Be6 9. Bxe6 fxe6 10. Be3 Ba7 11. Bxa7 Rxa7 12. Re3 0-0 13. d4 Ra8 14. dxe5 dxe5 15. Nc3 Qxd1+ 16. Rxd1 Rad8 17. Red3 Rxd3 18. Rxd3 Rf7 19. Rd2 Rd7 20. Rxd7 Nxd7 21. Kf1 Nd4 22. Nxd4 exd4 23. Ne2 e5 24. b3 b5 25. axb5 axb5 26. f4 c5 27. fxe5 Nxe5 28. Nf4 Kf7 29. Ke2 Kf6 30. Nd5+ Kg5 31. g3 c4 32. Nc7 cxb3 33. cxb3 b4 34. Ne6+ Kf6 35. Nxd4 g5 36. Nf3 Nxf3 37. Kxf3 Ke5 38. Ke3 h5 39. Kd3 h4 40. gxh4 gxh4 41. Ke3 Ke6 42. Kd4 Kd6 43. e5+ Ke6 44. Ke4 Ke7 45. Kd5 Kd7 46. e6+ Ke7 47. Ke5 Ke8 48. Kd6 Kd8 49. Kc5 Ke7 50. Kd5 1-0